| 000 | 00470nam a22001457a 4500 | ||
|---|---|---|---|
| 008 | 230420b |||||||| |||| 00| 0 eng d | ||
| 040 |
_aNational Science Library _cNational Science Library |
||
| 080 |
_a378:62 _bJ5 |
||
| 245 |
_aReport of the technical colleges and industry conference _c/ Federation of British Industries |
||
| 260 |
_aLondon: _bFederation of British Industries, _c1954 |
||
| 300 | _a88p. | ||
| 500 | _a | ||
| 650 | _aEducation | ||
| 942 |
_2udc _cREP |
||
| 999 |
_c21464 _d21464 |
||